The B.E. Journal of Macroeconomics

Salvato in:
Dettagli Bibliografici
Natura: Periodico
Lingua:inglese
Pubblicazione: Berlin De Gruyter
Tags: Aggiungi Tag
Nessun Tag, puoi essere il primo ad aggiungerne!!

MARC

LEADER 00000nas1a2200000 4500
001 0281731
005 20250701092116.3
022 |a 1935-1690 
022 |a 2194-6116 
041 0 |a eng 
044 |a DE 
245 1 0 |a The B.E. Journal of Macroeconomics 
264 1 |a Berlin  |b De Gruyter